000 00508nam a22001697a 4500
005 20260109160350.0
020 _a9780691119465
100 _aTrefethen, Llyod N
_97636
245 _aSpectra and pseudospectra: the behaviour of nonnormal matrices and operators
260 _aNew Jersey
_bPrinceton university press
_c2005
300 _axvii+606
650 _aEigenvalues
650 _aSpectrum analysis
_97637
650 _aDifferential operators
_97638
700 _aEmbree, Mark
_97639
942 _2ddc
_cBK
999 _c754919
_d754919